| 000 | 00821nam a22002297a 4500 | ||
|---|---|---|---|
| 999 |
_c75710 _d75710 |
||
| 005 | 20230628160037.0 | ||
| 010 | _aENG-107182 ENG-137209 | ||
| 020 |
_a9789381523650 _c595.00 |
||
| 035 | _aEN-90715 EN-120741 | ||
| 037 | _bDBAD/PUB | ||
| 082 | _a305.42095414 | ||
| 100 | _aGupta, Ashoka | ||
| 245 |
_aA fighting spirit / _cby Ashoka Gupta ; compiled and edited by Sarmistha Dutta Gupta [and] Narayani Gupta |
||
| 260 |
_aNew Delhi _bNiyogi Books _c2013 |
||
| 270 |
_aD-78 Okhla Industrial Area, Phase-I _bNew Delhi _e110020 |
||
| 300 |
_a191p.: _c22cm(Hb) _bcol. ill. |
||
| 650 |
_aWomen _z India _zWest Bengal _xSocial conditions. |
||
| 650 |
_aWomen, Bengali . _z India _xSocial conditions |
||
| 700 | _aGupta, Sarmistha Dutta | ||
| 700 | _aGupta, Narayani | ||
| 942 |
_2ddc _cEN _mGUP _h305.42095414 |
||